Сертификация строительных и дорожных машин (Запись № 1135472)

Подробности
000 -МАРКЕР
контрольное поле 02384nam0a2200337 4500
001 - ИДЕНТИФИКАТОР ЗАПИСИ
контрольное поле RU\NLR\bibl\502059
005 - ИДЕНТИФИКАТОР ВЕРСИИ
контрольное поле 20250623202053.0
021 ## - НОМЕР ГОСУДАРСТВЕННОЙ РЕГИСТРАЦИИ
Код страны Российская Федерация
Номер 2003-70160
Номер Листа государственной регистраци 3470
035 ## - ДРУГИЕ СИСТЕМНЫЕ НОМЕРА
Идентификатор записи (NLR Aleph) 000494646
100 ## - ДАННЫЕ ОБЩЕЙ ОБРАБОТКИ
Данные общей обработки 20040318d2003 |||y0rusy50 ca
101 0# - ЯЗЫК РЕСУРСА
Язык текста, звукозаписи и т.д. русский
102 ## - СТРАНА ПУБЛИКАЦИИ ИЛИ ПРОИЗВОДСТВА
Страна публикации Российская Федерация
105 ## - ПОЛЕ КОДИРОВАННЫХ ДАННЫХ: ТЕКСТОВЫЕ МАТЕРИАЛЫ, МОНОГРАФИЧЕСКИЕ
Кодированные данные о монографическом текстовом документе a |||||||||
200 1# - ЗАГЛАВИЕ И СВЕДЕНИЯ ОБ ОТВЕТСТВЕННОСТИ
Основное заглавие Сертификация строительных и дорожных машин
Сведения, относящиеся к заглавию Учеб. пособие для студентов вузов, обучающихся по специальности "Средства аэродромно-техн. обеспечения полетов авиации" и "Подъем.-транспорт., строит., дорож. машины и оборудование" направления подготовки дипломир. специалистов "Транспорт. машины и транспорт.-технол. комплексы"
Первые сведения об ответственности Г.Н. Карасев
Последующие сведения об ответственности Моск. автомобил.-дорож. ин-т (Гос. техн. ун-т)
210 ## - ПУБЛИКАЦИЯ, РАСПРОСТРАНЕНИЕ И ДР.
Место издания, распространения и т.д. М.
Имя издателя, распространителя и т. д. Моск. автомобил.-дорож. ин-т (Гос. техн. ун-т)
Дата издания, распространения и т.д. 2003
215 ## - ФИЗИЧЕСКАЯ ХАРАКТЕРИСТИКА
Специфическое обозначение материала и объем 161 с.
Другие сведения о физической характеристике ил.
Размеры 21
320 ## - ПРИМЕЧАНИЯ О НАЛИЧИИ В ДОКУМЕНТЕ БИБЛИОГРАФИИ / УКАЗАТЕЛЯ
Текст примечания Библиогр.: с. 159-160 (25 назв.)
606 0# - НАИМЕНОВАНИЕ ТЕМЫ КАК ПРЕДМЕТ
Наименование темы Дорожные машины
Формальный подзаголовок Руководства, пособия и т.п. для высшей школы
Тематический подзаголовок Сертификация
Системный номер авторитетной/нормативной записи 2307712
Идентификатор авторитетной/нормативной записи RU\NLR\auth\661381281
606 0# - НАИМЕНОВАНИЕ ТЕМЫ КАК ПРЕДМЕТ
Наименование темы Дорожные машины
Формальный подзаголовок Учебные издания для высших учебных заведений
Тематический подзаголовок Сертификация
Системный номер авторитетной/нормативной записи 2307712
Идентификатор авторитетной/нормативной записи RU\NLR\auth\661381281
606 0# - НАИМЕНОВАНИЕ ТЕМЫ КАК ПРЕДМЕТ
Наименование темы Строительные машины
Формальный подзаголовок Руководства, пособия и т.п. для высшей школы
Тематический подзаголовок Сертификация
Системный номер авторитетной/нормативной записи 2318768
Идентификатор авторитетной/нормативной записи RU\NLR\auth\661387320
606 0# - НАИМЕНОВАНИЕ ТЕМЫ КАК ПРЕДМЕТ
Наименование темы Строительные машины
Формальный подзаголовок Учебные издания для высших учебных заведений
Тематический подзаголовок Сертификация
Системный номер авторитетной/нормативной записи 2318768
Идентификатор авторитетной/нормативной записи RU\NLR\auth\661387320
686 ## - ИНДЕКСЫ ДРУГИХ КЛАССИФИКАЦИЙ
Индекс О311-06-5-080.06я73-1
686 ## - ИНДЕКСЫ ДРУГИХ КЛАССИФИКАЦИЙ
Индекс Н6-5-080.06я73-1
700 #1 - ИМЯ ЛИЦА - ПЕРВИЧНАЯ ОТВЕТСТВЕННОСТЬ
Код отношения Автор
Графика поля Кириллица
Материалы, к которым относится поле rus
Начальный элемент ввода Карасев
Часть имени, кроме начального элемента ввода Г. Н.
Дополнения к именам, кроме дат канд. техн. наук
Расширение инициалов личного имени Геннадий Николаевич
Системный номер авторитетной/нормативной записи 218062
Идентификатор авторитетной/нормативной записи RU\NLR\AUTH\770218118
801 #0 - ИСТОЧНИК ЗАПИСИ
Страна Российская Федерация
Организация NLR
Дата составления 20040318
Правила каталогизации PSBO
801 #1 - ИСТОЧНИК ЗАПИСИ
Страна Российская Федерация
Организация NLR
Дата составления 20040318
942 ## - ДОПОЛНИТЕЛЬНЫЕ ЭЛЕМЕНТЫ ЗАПИСИ (АБИС)
Тип экземпляра АБИС Книга
980 ## - КОЛЛЕКЦИЯ
Название коллекции Национальная библиография
Экземпляры
Тип экземпляра Дата поступления Источник поступления Библиотека постоянного хранения Библиотека текущего хранения Место хранения Шифр хранения Штрих-код Статус экземпляра
Книга 18.03.2004 Обязательный экземпляр РНБ (Московский) РНБ (Московский) Русский книжный фонд: издания с 1957 года 2004-3/6132 655149  
Книга 18.03.2004 Обязательный экземпляр РНБ (Московский) РНБ (Московский) Русский книжный фонд: издания с 1957 года 2004-3/6132 655151